| 000 | 00587cam a2200217 a 4500 | ||
|---|---|---|---|
| 020 | _a9781442643253 (bound) | ||
| 020 | _a1442643250 (bound) | ||
| 020 | _a9781442611757 (pbk.) | ||
| 020 | _a1442611758 (pbk.) | ||
| 040 | _cNLC | ||
| 082 | 0 | 4 | _a331 INT 2009 C153 Or. |
| 245 | 0 | 0 | _aBeyond caring labour to provisioning work / |
| 300 |
_axii, 207 pages ;c ; _c23 cm |
||
| 650 | 0 | _aPoor women | |
| 650 | 0 | _aPoor women | |
| 650 | 0 | _aPoor women | |
| 650 | 0 | _aWomen in community development | |
| 650 | 0 | _aInformal sector (Economics) | |
| 700 | 1 | _aNeysmith, Sheila | |
| 942 | _cAEDBB | ||
| 999 |
_c18819 _d18819 |
||